| 000 | 00374nam a22001577a 4500 | ||
|---|---|---|---|
| 005 | 20231030171448.0 | ||
| 008 | 231030b |||||||| |||| 00| 0 eng d | ||
| 082 |
_a617.102705 _bMIR-S |
||
| 100 | _aMirkin,Gabe | ||
| 245 | _aSports medicine Book | ||
| 300 | _a194 | ||
| 500 | _aInclude Index | ||
| 650 | _aMedical/Physical therapy | ||
| 700 | _aGabe,Mirkin | ||
| 999 |
_c34638 _d34638 |
||